000 01324nmm a2200301 a 4500
001 0000021111
003 CO-CtgCURN
005 20250508200650.0
007 co cga---uuuuu
008 160627s2005 i eng d
020 _a9586907724
040 _aCO-CtgCURN
_bspa
_ccoctgcurn
082 0 _a340.092
_bI71e
100 1 _aIsaza Cadavid, German.
245 1 0 _aEstatuto de los abogados
_h[electronic resource] /
_cGerman Isaza, Cadavid.
250 _a5a ed.
260 _aBogotá :
_bLeyer,
_c2005.
300 _a198 p. + 1 Cd-Rom.
336 _2rdacontent
337 _2rdamedia
_asin mediacion
_bn
338 _2rdacarrier
_avolumen
_bnc
505 8 _aFuncion social del abogado.--Mision del abogado.--Abogado titulado.--De la inscripcion.--Del ejercicio de la profesion.--Excepciones.--Iincompatibilidades.--Inspección y vigilancia de la profesion.--Deberes profesionales del abogado.--Regimen disciplinario.--Vigencia del estatuto.--Prestacion de servicios profesionales, tarifas de honorarios y agencias en derecho.--Legislacion complementaria.--Relacion jurisprudencial
650 0 _aAbogados.
908 _a160627
942 _cBK
_h340.092
_iI71e
_2ddc
_n0
999 _c18852
_d18852